000 00986nam0a22002651 4500
001 RU\NLR\19V\935264
005 20260407100418.0
035 _a(NLR Aleph) 010351919
090 _a10749236
_c10749236
100 _a20140423d1893 |||y0rusy50 ca
101 0 _arus
102 _aRU
105 _ay z |||c|
200 1 _aБольница всех скорбящих Ведомства учреждений Императрицы Марии
_e[очерк]
210 _aС.-Петербург
_d1893
215 _a8 с.
_d22
620 _aRU
_dСанкт-Петербург
710 0 2 _aПетербургская больница всех скорбящих
_3RU\NLR\AUTH\889975476
_9447853
712 0 1 _4570
_aРоссия
_bВедомство учреждений Императрицы Марии
_3RU\NLR\AUTH\889926776
_9349260
801 0 _aRU
_bNLR
_c20140423
_gpsbo
801 1 _aRU
_bNLR
_c20140423
_2rusmarc
852 _aNLR
_j18.334.1.300
942 _cBOOK
980 _aNB